000 00670cam a2200253 4500
001 B3303
008 090401t1990 xxu||||| |||| 00| 0 eng d
035 _a(Sirsi) u55198
041 _aeng
050 _a696.9
100 _aJohn, R.W.
245 4 _aThe BRE low-energy office : an assessment of electric heating
260 _aGarston,Watford
_bBuilding Research Establishment
_c1990
300 _a(4)p. : ill. ; 30cm.
350 _a0
490 _aBRE Information Paper
_v16/90
650 _aELECTRICITY
650 _aENERGY CONSERVATION
650 _aOFFICES
700 _aWillis, S.T.P.
700 _aSalvidge, A.C.
942 _n0
948 _c04/03/1997
999 _c93579
_d93579